000 00567nam a2200193Ia 4500
001 8690
003 GE_BSU
008 181216s||||||||xx |||||||||||||| ||und||
040 _cGE_BSU
245 _aПолитическая наука.№4 2013
245 _bНауч.журн.религия и политика.
245 _cРед.кол.Мелешкина Е.Ю.(гл.ред.и др.)
260 _aМосква
260 _bЮнион ран
260 _c2013
300 _a280стр.21см.
653 _aПолитическая наука.
942 _cCR
999 _c42004
_d42004